|
|
|
|
| LEADER |
00000nam0a2200000 4500 |
| 001 |
168123 |
| 005 |
20231031163021.0 |
| 010 |
|
|
|a 5752501032
|
| 020 |
|
|
|a RU
|b 91-1460
|
| 035 |
|
|
|a (RuTPU)RU\TPU\book\182403
|
| 090 |
|
|
|a 168123
|
| 100 |
|
|
|a 20091024d1990 km a0rusy5003 ca
|
| 101 |
0 |
|
|a rus
|
| 102 |
|
|
|a RU
|
| 105 |
|
|
|a y z 001zy
|
| 200 |
1 |
|
|a Правовое обеспечение интересов личности
|f Н. А. Шайкенов
|
| 210 |
|
|
|a Свердловск
|c Изд-во Урал. ун-та
|d 1990
|
| 215 |
|
|
|a 200 с.
|d 20 см
|
| 320 |
|
|
|a Библиогр. в примеч.: с. 189-200.
|
| 610 |
1 |
|
|a социализм
|
| 610 |
1 |
|
|a личные интересы
|
| 610 |
1 |
|
|a общественные интересы
|
| 610 |
1 |
|
|a правовое регулирование
|
| 686 |
|
|
|a Х620
|2 rubbk
|
| 700 |
|
1 |
|a Шайкенов
|b Н. А.
|g Нагашбай Амангалеевич
|4 070
|
| 801 |
|
0 |
|a RU
|b RuMRKP
|c 19950417
|g psbo
|
| 801 |
|
1 |
|a RU
|b 63413507
|c 20091024
|
| 801 |
|
2 |
|a RU
|b 63413507
|c 20191111
|g RCR
|
| 942 |
|
|
|c BK
|